| 000 | 01031nam a2200241 a 4500 | ||
|---|---|---|---|
| 001 | 84530 | ||
| 003 | BD-RjUL | ||
| 005 | 20241212100344.0 | ||
| 008 | 241212s2022 bg a|||| m||| 00| 0 eng d | ||
| 035 | _a(BD-RjUL)84530 | ||
| 040 |
_aBD-RjUL _beng _cBD-RjUL _dBD-RjUL |
||
| 041 | _aeng | ||
| 082 |
_a597.095492 _223 _bHAS 2022 |
||
| 100 |
_aHaque, Mohammed Ashraful _914675 |
||
| 245 | 1 | 0 |
_aSpawning and Nursery Ground Identification, on-Board Artificial Fertilization and Larval Rearing of Asin Seabass Lates Calcarifer in Bangladesh / _cBy Mohammed Ashraful Haque ; _6Supervisor : Md. Istiaque Hossain |
| 260 |
_aRajshahi : _bDepartment of Fisheries, Faculty of Agriculture, University of Rajshahi, _c2022 |
||
| 300 |
_axvii, 141 Leaves : _bill, ; _c29 cm. |
||
| 502 | _aThesis (Ph. D.) -- Department of Fisheries, Faculty of Agriculture, University of Rajshahi, 2022 | ||
| 504 | _aReferences : Leaves 120-136 | ||
| 650 |
_aFisheries _zBangladesh _913464 |
||
| 700 |
_aHossain, Md. Istiaque, Supervisor _98752 |
||
| 942 |
_2ddc _cTHE |
||
| 999 |
_c84530 _d84530 |
||